000 00680cas a2200217 a 4500
999 _c57598
_d57598
001 20889289
005 20221108141946.0
008 070327s2018 nyu x 0 0eng c
020 _a9781259589287x
022 _y0891-2068
041 _aeng
080 _a616.4 G-78
100 _aGardner, David
_99174
245 0 0 _aGreenspan's basic & clinical endocrinology /
_cDavid Gardner and Dolores Shoback.
264 _aNew York :
_bMcGraw-Hill Medical,
_c2018.
300 _a916 p. :
_bill. ;
_c28 cm.
653 _aმედიცინა
653 _aენდოკრინოლოგია
700 _aShoback, Dolores
_eავტორი
_99175
942 _2udc
_cBK